032_ Personnalités nées un 1er février par images - Statistiques

Statistiques générales
  • Ce quiz a été pris 49 fois
  • Le résultat moyen est 3 sur 9
Statistiques - réponses
Par images Hint Réponse % Correct
Chanteur Claude François
98%
Chanteur Harry Styles
69%
Journaliste Anne-Claire Coudray
61%
Famille Royale Stéphanie de Monaco
43%
Dirigeant Politique Boris Eltsine
39%
Metteur en scène Thomas Jolly
20%
Chanteuse Park Ji-hyo
4%
Chanteur Gilles Servat
2%
Chanteuse Heather Morris
0%
Aucun quiz correspondant
Distribution des résultats
% des personnes avec chaque résultat
Percentile par nombre de réponses
Votre historique - résultats
Vous n’avez pas pris ce quiz